000 00658nmm a2200181Ia 4500
008 251105s9999||||xx |||||||||||||||||und||
020 _a9788491331575
041 _aspa
100 _aDasí González, Rosa Mª
245 0 _aRetos de la contabilidad y la auditoría en la economía actual :
_b Homenaje al profesor Vicente Montesinos Julve
264 _a[Madrid, España] :
_bPublicaciones de la Universidad de Valencia (PUV),
_c2018
300 _a774 páginas
650 _aEconomics and Business
700 _aDasí González, Rosa Mª
700 1 _a Gimeno Ruiz, Mª Amparo
856 _uhttps://public.digitaliapublishing.com/a/62516
942 _cCF
999 _c64476
_d64476